| 000 | 00610nam a2200241 a 4500 | ||
|---|---|---|---|
| 001 | 0001-1042 | ||
| 003 | ELIB.Books | ||
| 008 | 141121 2010 eng | ||
| 020 | _a9960473643 | ||
| 035 | _a(ELIB.Books)0001-1196 | ||
| 092 |
_a297 _bal-She |
||
| 100 | _aal-Sheha | ||
| 245 | _aMuhammad The Message of Allah | ||
| 260 |
_aHong Kong _bIslamic Propagation Office _c2005 |
||
| 300 |
_a93 _c20 Cm |
||
| 500 | _aTaylor, Saw. | ||
| 650 | _aIslam: Religion | ||
| 856 |
_nKBTS; Library _uKBTS; Elib. |
||
| 942 |
_2ddc _cBK |
||
| 990 | _a1 | ||
| 998 |
_cbat _e2014-11-21 |
||
| 999 |
_c11042 _d11042 |
||